000 00640nam a2200265 a 4500
003 AR-BaBNM
005 20251128203612.0
008 082120s2002 ||||||||||||||000 | spa||
040 _cAR-BaBNM
100 1 _aRidruejo, Dionisio
245 0 0 _aEscrito en España
260 _aBuenos Aires
_bLosada
_c1962
300 _a380 p.
490 0 _aCristal del tiempo
650 4 _aLITERATURA ESPAÑOLA
650 4 _aESCRITORES
650 4 _aSIGLO VEINTE
650 4 _aSOCIOLOGIA POLITICA
651 4 _aEspaña
653 _aCRITICA SOCIAL
653 _aHISTORIA ESPAÑOLA
655 _aLITERATURA
942 _cBK
998 _cMARTIN
999 _c4097
_d4097